Abdullah Ahmad Badawi : satu tahun di Putrajaya

Bibliographic Details
Other Authors: Sivamurugan Pandian
Format: Book
Published: Kuala Lumpur : Utusan Publications & Distributors , 2006
Subjects:

MARC

LEADER 00000cam a2200000 7i4500
001 0000017093
005 20061012.0
020 |a 9676117994 
040 |a INS 
090 0 0 |a DS597.215A23   |b AAB 2065 
245 1 0 |a Abdullah Ahmad Badawi :   |b satu tahun di Putrajaya   |c penyunting Sivamurugan Pandian 
260 |a Kuala Lumpur :   |b Utusan Publications & Distributors ,   |c 2006 
300 |a xviii, 194ms. ;   |c 22cm. 
500 |a Mengandungi bibliografi 
600 1 0 |a Abdullah Haji Ahmad Badawi ,   |d Dato Seri 
650 0 0 |a Prime ministers   |z Malaysia 
651 0 |a Malaysia   |x Politics and government 
700 0 |a Sivamurugan Pandian 
999 |a 0000017287   |b BOOK   |c Open Shelf   |e Default branch